UK or US? Bands 3 - Statistics

General Stats
  • This quiz has been taken 49 times
  • The average score is 17 of 22
Answer Stats
Hint Answer % Correct
Radiohead UK
98%
the Smiths UK
90%
Spice Girls UK
90%
Eurythmics UK
90%
Sex Pistols UK
88%
New Kids on the Block US
88%
Pet Shop Boys UK
85%
Pantera US
83%
Offspring US
80%
Erasure Uk
78%
Deep Purple UK
78%
Bikini Kill US
78%
the White Stripes US
78%
the Supremes US
78%
Heart US
73%
Siouxsie & the Banshees UK
70%
Le Tigre US
70%
Talking Heads US
58%
Massive Attack UK
55%
Damned UK
55%
Talk Talk UK
55%
the Raincoats UK
53%
No matching quizzes found
Score Distribution
Percent of People with Each Score
Percentile by Number Answered
Your Score History
You have not taken this quiz